The nervous system. (Record no. 5761)

000 -LEADER
fixed length control field 01707nam a2200457 a 4500
001 - CONTROL NUMBER
control field 010161945
003 - CONTROL NUMBER IDENTIFIER
control field UkOxU
005 - DATE AND TIME OF LATEST TRANSACTION
control field 20220620125903.0
008 - FIXED-LENGTH DATA ELEMENTS--GENERAL INFORMATION
fixed length control field 880808s1987 mdua b 001 0 eng
010 ## - LIBRARY OF CONGRESS CONTROL NUMBER
LC control number 7803-5957
020 ## - INTERNATIONAL STANDARD BOOK NUMBER
International Standard Book Number 0683069004
035 ## - SYSTEM CONTROL NUMBER
System control number 0683069004
040 ## - CATALOGING SOURCE
Original cataloging agency NRT
Transcribing agency ALUPE UNIVERSITY
Modifying agency VET
-- OCL
050 ## - LIBRARY OF CONGRESS CALL NUMBER
Classification number QP6
Item number .N47 1987
090 ## - LOCALLY ASSIGNED LC-TYPE CALL NUMBER (OCLC); LOCAL CALL NUMBER (RLIN)
Classification number (OCLC) (R) ; Classification number, CALL (RLIN) (NR) QP6
Local cutter number (OCLC) ; Book number/undivided call number, CALL (RLIN) .H25 sect.1 v.5 1987
092 ## - LOCALLY ASSIGNED DEWEY CALL NUMBER (OCLC)
Classification number D0400207995
110 2# - MAIN ENTRY--CORPORATE NAME
Corporate name or jurisdiction name as entry element American Physiological Society (1887- )
245 14 - TITLE STATEMENT
Title The nervous system.
Number of part/section of a work Vol. V,
Name of part/section of a work Higher functions of the brain /
Statement of responsibility, etc. section editor, Vernon B. Mountcastle ; volume editor, Fred Plum ; executive editor, Stephen R. Geiger.
250 ## - EDITION STATEMENT
Edition statement [Rev. ed.]
260 ## - PUBLICATION, DISTRIBUTION, ETC.
Place of publication, distribution, etc. Bethesda, Md :
Name of publisher, distributor, etc. American Physiological Society,
Date of publication, distribution, etc. c1987.
300 ## - PHYSICAL DESCRIPTION
Extent 2 pt. (vii, 481, xxv) :
Other physical details ill ;
Dimensions 29 cm.
490 1# - SERIES STATEMENT
Series statement Handbook of physiology ;
Volume/sequential designation section 1, v. 5
500 ## - GENERAL NOTE
General note "Formerly Section 1 : Neurophysiology."
504 ## - BIBLIOGRAPHY, ETC. NOTE
Bibliography, etc. note Includes bibliographies and index.
650 #0 - SUBJECT ADDED ENTRY--TOPICAL TERM
Topical term or geographic name entry element Higher nervous activity.
650 #0 - SUBJECT ADDED ENTRY--TOPICAL TERM
Topical term or geographic name entry element Neurophysiology.
700 1# - ADDED ENTRY--PERSONAL NAME
Personal name Mountcastle, Vernon B.
700 1# - ADDED ENTRY--PERSONAL NAME
Personal name Plum, Fred,
Dates associated with a name 1924-2010
700 1# - ADDED ENTRY--PERSONAL NAME
Personal name Geiger, Stephen R.
740 4# - ADDED ENTRY--UNCONTROLLED RELATED/ANALYTICAL TITLE
Uncontrolled related/analytical title The nervous system
740 0# - ADDED ENTRY--UNCONTROLLED RELATED/ANALYTICAL TITLE
Uncontrolled related/analytical title Higher functions of the brain
830 #0 - SERIES ADDED ENTRY--UNIFORM TITLE
Uniform title Handbook of physiology (Bethesda, Md.) ;
Volume/sequential designation section 1, v. 5.
942 ## - ADDED ENTRY ELEMENTS (KOHA)
Source of classification or shelving scheme
Koha item type Book
Suppress in OPAC AB
Holdings
Withdrawn status Lost status Source of classification or shelving scheme Damaged status Not for loan Permanent Location Current Location Shelving location Date acquired Source of acquisition Total Checkouts Full call number Barcode Date last seen Price effective from Koha item type Public note
          AU LIBRARY AU LIBRARY Open Shelf 20.06.2022 DONATION FROM MOI UNIVERSITY   QP6 .N47 1987 28001944 20.06.2022 20.06.2022 Book AB

Powered by Koha